YOUTUBE YOURSELF A BON JOVI HALLELUJAH A (Record no. 15929)
[ view plain ]
| 000 -LEADER | |
|---|---|
| fixed length control field | 00312nam a2200121Ia 4500 |
| 008 - FIXED-LENGTH DATA ELEMENTS--GENERAL INFORMATION | |
| fixed length control field | 240624s9999 xx 000 0 und d |
| 041 ## - LANGUAGE CODE | |
| Language code of text/sound track or separate title | eng |
| 082 ## - DEWEY DECIMAL CLASSIFICATION NUMBER | |
| Classification number | 658.056754 FOR |
| 100 ## - MAIN ENTRY--PERSONAL NAME | |
| Personal name | FORZA PACINO |
| 245 ## - TITLE STATEMENT | |
| Title | YOUTUBE YOURSELF A BON JOVI HALLELUJAH A |
| 260 ## - PUBLICATION, DISTRIBUTION, ETC. | |
| Date of publication, distribution, etc. | 2009 |
| Place of publication, distribution, etc. | Colorado |
| Name of publisher, distributor, etc. | Outskirts Press |
| 365 ## - TRADE PRICE | |
| Currency code | RS |
| Withdrawn status | Lost status | Damaged status | Not for loan | Home library | Current library | Shelving location | Date acquired | Source of acquisition | Cost, normal purchase price | Total Holds | Full call number | Barcode | Date last seen | Copy number | Price effective from | Koha item type |
|---|---|---|---|---|---|---|---|---|---|---|---|---|---|---|---|---|
| IMTN | IMTN | Rack 20-B | 11/22/2010 | FK | 574.00 | 32767 | 658.056754 FOR | 15929 | 06/24/2024 | 1 | 06/24/2024 | Books |